• 首页
  • 本馆介绍
  • 公告通知
  • 最新文献
  • 馆藏检索
  • 电子资源
  • 读者导购
  • 参考咨询
  • 我的图书馆
  • 登录
  • 详细信息显示
  • 放入我的书架
  • 预约/预借图书
  • 作者相关作品
  • 分类相关作品
  • 丛书相关作品
  • 出版社相关作品

书目信息

  • 表格格式
  • 工作单格式
  • 卡片格式
题名:
思想道德修养与法律基础
    
 
作者: 毛维国 , 任凤琴 主编
分册:  
出版信息: 北京   人民日报出版社  2018
页数: 230页
开本: 24cm
丛书名:
单 册:
中图分类: G641.6 , D920.1
科图分类:
主题词: 思想修养--si xiang xiu yang--高等学校--教材 , 法律--fa lv--中国--高等学校--教材
电子资源:
ISBN: 978-7-5115-5402-4
000 01290nam0 2200301 450
001 012001008105
005 20131022102553.0
010    @a978-7-5115-5402-4@dCNY58.00
099    @aCAL 012018106733
100    @a20180616d2018 em y0chiy50 ea
101 0  @achi
102    @aCN@b110000
105    @ay zq 000yy
106    @ar
200 1  @a思想道德修养与法律基础@Asi xiang dao de xiu yang yu fa lv ji chu@e“慕课N+4+3”教学模式导读@f毛维国,任凤琴主编
210    @a北京@c人民日报出版社@d2018
215    @a230页@d24cm
300    @a山东省社会科学规划研究项目《“慕课N+4+3”教学模式的构建与探索》课题研究成果之一
330    @a本书是在教育部“马工程”教材《思想道德修养与法律基础》的基础上,为适应“慕课N+4+3”混合式教学模式改革而编写的导引性参考书,其内容主要包括编写人员共同提炼的课程知识点教学内容、课堂专题授课基本要求及可提供参考专题、课堂实践可参考形式及基本操作流程。
517 1  @a“慕课N+4+3”教学模式导读@A“mu ke N+4+3”jiao xue mo shi dao du
606 0  @a思想修养@Asi xiang xiu yang@x高等学校@j教材
606 0  @a法律@Afa lv@y中国@x高等学校@j教材
690    @aG641.6@v5
690    @aD920.1@v5
701  0 @a毛维国@Amao wei guo,@f1964-@4主编
701  0 @a任凤琴@Aren feng qin,@f1977-@4主编
801  0 @aCN@b上海新华@c20191020
905    @b1177932-5@dG641.6@e1113@f4
    
    思想道德修养与法律基础:“慕课N+4+3”教学模式导读/毛维国,任凤琴主编.-北京:人民日报出版社,2018
    230页;24cm
    山东省社会科学规划研究项目《“慕课N+4+3”教学模式的构建与探索》课题研究成果之一
    
    ISBN 978-7-5115-5402-4:CNY58.00
    本书是在教育部“马工程”教材《思想道德修养与法律基础》的基础上,为适应“慕课N+4+3”混合式教学模式改革而编写的导引性参考书,其内容主要包括编写人员共同提炼的课程知识点教学内容、课堂专题授课基本要求及可提供参考专题、课堂实践可参考形式及基本操作流程。
●
相关链接 在E读中查询图书 在五车中查询图书 在当当中查询图书 在豆瓣中查询图书


正题名:思想道德修养与法律基础     索取号:G641.6/1113         预约/预借

序号 登录号 条形码 馆藏地/架位号 状态 备注
1 1177932   211779324   第一样本阅览室/ [索取号:G641.6/1113] 在馆    
2 1177933   211779333   第四借阅区/ [索取号:G641.6/1113] 在馆    
3 1177934   211779342   第四借阅区/ [索取号:G641.6/1113] 在馆    
4 1177935   211779351   第四借阅区/ [索取号:G641.6/1113] 在馆    
唐山师范学院图书馆 欢迎您!
大连网信软件有限公司© 版权所有